Great moments in the life of Paul. (Record no. 5190)

000 -LEADER
fixed length control field 00579nam a2200193 a 4500
001 - CONTROL NUMBER
control field :::00002931$&:&@@
003 - CONTROL NUMBER IDENTIFIER
control field OkBaRHE
005 - DATE AND TIME OF LATEST TRANSACTION
control field 20000607103258.0
008 - FIXED-LENGTH DATA ELEMENTS--GENERAL INFORMATION
fixed length control field s1897 j 000 0 eng u
040 ## - CATALOGING SOURCE
Transcribing agency
100 1# - MAIN ENTRY--PERSONAL NAME
Personal name Work, Edgar Whittaker.
245 10 - TITLE STATEMENT
Title Great moments in the life of Paul.
260 ## - PUBLICATION, DISTRIBUTION, ETC. (IMPRINT)
Place of publication, distribution, etc Dayton, OH., :
Name of publisher, distributor, etc W. J. Shuey
Date of publication, distribution, etc c1897
300 ## - PHYSICAL DESCRIPTION
Extent 200 p. ;
Dimensions 19 cm.
650 ## - SUBJECT ADDED ENTRY--TOPICAL TERM
Topical term or geographic name as entry element Paul, Saint, apostle
650 ## - SUBJECT ADDED ENTRY--TOPICAL TERM
Topical term or geographic name as entry element Sermons, American
942 ## - ADDED ENTRY ELEMENTS (KOHA)
Source of classification or shelving scheme
Koha item type Books
Copies
Date last seen Shelving location Barcode Lost status Damaged status Full call number Not for loan Koha item type Date acquired Withdrawn status Price effective from Copy number Permanent Location Source of classification or shelving scheme
2018-03-16General Stacks2931  BS 2505 .W58G7 Books2010-04-14 2010-04-141RHEMA Bible Training College